| 000 | 00355nam a2200145Ia 4500 | ||
|---|---|---|---|
| 008 | 230211s9999 xx 000 0 und d | ||
| 020 | _a0-070-06601-9 | ||
| 041 | _aeng | ||
| 082 | _a658 | ||
| 100 | _aKoontz H | ||
| 245 | _aManagement : A Global And Entrepreneurial Prespective | ||
| 260 |
_bTata McGraw Hill _c2008 |
||
| 300 | _a528p | ||
| 906 | _b20.0 | ||
| 999 |
_c98149 _d98149 |
||